El poder del dinero /

Este episodio examinará las actitudes que han imperado en diversos períodos para lograr marcar una diferencia entre humanos. En primer lugar, estudiaremos los escritos de algunos de los más importantes filósofos e historiadores de la Ilustración. Asimismo, evaluaremos las implicaciones de las palabr...

Descripción completa

Guardado en:
Autor Principal: Robinson, Tim
Autor Corporativo: BBC.
Formato: Deslizar
Publicado: Reino Unido, 2007.
Series:Historia del Racismo
Materias:
Etiquetas: Agregar Etiqueta
Sin Etiquetas, Sea el primero en etiquetar este registro!
LEADER 01502ngm a22002775g 4500
001 CEM.cems024167
008 130507s2007##################0###0#####d
005 20250903170830.0
245 1 0 |a El poder del dinero /  |c Tim Robinson. 
260 |a Reino Unido,  |c 2007. 
300 |a 52'. 
490 0 |a Historia del Racismo 
538 |a Soporte: DVD - Grabación DRD 
520 |a Este episodio examinará las actitudes que han imperado en diversos períodos para lograr marcar una diferencia entre humanos. En primer lugar, estudiaremos los escritos de algunos de los más importantes filósofos e historiadores de la Ilustración. Asimismo, evaluaremos las implicaciones de las palabras del Antiguo Testamento, incluyendo la importancia de "La maldición de Canaán" para el desarrollo de la idea de raza en Europa. Analizaremos también el desarrollo del racismo como justificación para el comercio transatlántico de esclavos y otras manifestaciones de confrontación racial a lo largo de los siglos como la conquista española de las Américas y la consiguiente destrucción de las civilizaciones del "Nuevo Mundo". 
500 |a Consultar en ventanilla. 
100 1 |a Robinson, Tim 
710 2 |a BBC. 
082 3 0 |/ ROB 
653 |a HISTORIA 
653 |a RACISMO 
653 |a ESCLAVITUD 
653 |a SOCIOLOGIA 
653 |a SEGREGACION RACIAL 
653 |a TRAFICO DE ESCLAVOS 
653 |a PROGRAMA DE TELEVISIÓN 
859 |a CEMS  |b BIB. CEMS - Depto. Recursos Didacticos  |h 301  |i ROB  |k DRD  |p 2810.19  |t Ej.1